000 00353nam a2200145Ia 4500
008 230917s9999||||xx |||||||||||||| ||und||
040 _e40479
_aMAIN
041 _aEnglish
082 _a959 H245S
100 _aHarrison, Brian
245 0 _aSouth-East Asia: a short story
260 _aLondon
_bMacmillan
_c1957
300 _axi, 268 p.
942 _cBK
999 _c220368
_d220368